[Event "Petrolina Cordioli Memorial op"]
[Site "Petrolina"]
[Date "2007.10.21"]
[Round "6"]
[White "Araujo, Jose Roberto"]
[Black "Rodrigues, Nelson Alan Nogueir"]
[Result "1-0"]
[WhiteElo "2194"]
[BlackElo "1812"]
[PlyCount "20"]
[EventDate "2007.10.09"]
[EventType "swiss"]
[EventRounds "7"]
[EventCountry "BRA"]
[SourceTitle "EXT 2022"]
[Source "ChessBase"]
[SourceDate "2021.10.06"]
[SourceVersion "1"]
[SourceVersionDate "2021.10.06"]
[SourceQuality "1"]

1. d4 Nf6 2. c4 e6 3. Nc3 b6 4. e4 Bb7 5. Bd3 Bb4 6. Bg5 h6 7. Bxf6 Qxf6 8. Nf3 Qg6 9. Qd2 Qxg2 10. Rg1 Qxf3 1-0

[Event "Petrolina Cordioli Memorial op"]
[Site "Petrolina"]
[Date "2007.10.21"]
[Round "7"]
[White "Rodrigues, Nelson Alan Nogueir"]
[Black "Monte, Edmar Ferreira"]
[Result "1-0"]
[WhiteElo "1812"]
[BlackElo "1798"]
[PlyCount "34"]
[EventDate "2007.10.09"]
[EventType "swiss"]
[EventRounds "7"]
[EventCountry "BRA"]
[SourceTitle "EXT 2022"]
[Source "ChessBase"]
[SourceDate "2021.10.06"]
[SourceVersion "1"]
[SourceVersionDate "2021.10.06"]
[SourceQuality "1"]

1. e4 e5 2. Nf3 Nc6 3. Nc3 Nf6 4. Bc4 Bc5 5. d4 exd4 6. Na4 Bb4+ 7. c3 dxc3 8. bxc3 Bd6 9. Bb5 a6 10. Bxc6 bxc6 11. e5 Bxe5 12. Nxe5 Qe7 13. Qe2 d5 14. Bg5 h6 15. Bxf6 Qxf6 16. Ng4+ Qe6 17. Qxe6+ Bxe6 1-0

[Event "Petrolina Cordioli Memorial op"]
[Site "Petrolina"]
[Date "2007.10.20"]
[Round "5"]
[White "Rodrigues, Nelson Alan Nogueir"]
[Black "Mateus, Janete de Alcantara"]
[Result "1-0"]
[WhiteElo "1812"]
[BlackElo "1801"]
[PlyCount "54"]
[EventDate "2007.10.09"]
[EventType "swiss"]
[EventRounds "7"]
[EventCountry "BRA"]
[SourceTitle "EXT 2022"]
[Source "ChessBase"]
[SourceDate "2021.10.06"]
[SourceVersion "1"]
[SourceVersionDate "2021.10.06"]
[SourceQuality "1"]

1. d4 d5 2. c4 dxc4 3. Nc3 e6 4. e3 Nf6 5. Bxc4 Be7 6. Nf3 c6 7. Bd2 Nbd7 8. 0-0 0-0 9. Qc2 g6 10. Ng5 Nd5 11. Nf3 N7f6 12. e4 Nb6 13. Bd3 c5 14. e5 Nfd7 15. Ba6 Re8 16. dxc5 Nxc5 17. Bb5 Rf8 18. Ba4 Qd3 19. Qxd3 Nxd3 20. Bc2 Nxb2 21. Rab1 N2c4 22. Bf4 Na3 23. Rb2 Nxc2 24. Rxc2 Re8 25. Nb5 a6 26. Nc7 Rd8 27. Nxa8 Nxa8 1-0

[Event "Petrolina Cordioli Memorial op"]
[Site "Petrolina"]
[Date "2007.10.19"]
[Round "2"]
[White "Cordioli, Lourenco Joao"]
[Black "Rodrigues, Nelson Alan Nogueir"]
[Result "1/2-1/2"]
[WhiteElo "2015"]
[BlackElo "1812"]
[PlyCount "55"]
[EventDate "2007.10.09"]
[EventType "swiss"]
[EventRounds "7"]
[EventCountry "BRA"]
[SourceTitle "EXT 2022"]
[Source "ChessBase"]
[SourceDate "2021.10.06"]
[SourceVersion "1"]
[SourceVersionDate "2021.10.06"]
[SourceQuality "1"]

1. d4 Nf6 2. Nf3 e6 3. c4 b6 4. g3 Bb7 5. Bg2 Bb4+ 6. Nbd2 d5 7. 0-0 0-0 8. Qc2 Nbd7 9. a3 Be7 10. b3 c5 11. cxd5 Bxd5 12. e4 Bb7 13. Re1 Rc8 14. e5 cxd4 15. Qd3 Rc3 16. Qxd4 Nd5 17. Ne4 Bc5 18. Nxc5 Nxc5 19. Nd2 Rd3 20. Qg4 f6 21. exf6 Nxf6 22. Qe2 Bxg2 23. Kxg2 Qd5+ 24. Kg1 Qd4 25. Rb1 Ng4 26. Rf1 Kh8 27. b4 Na4 28. Ne4 1/2-1/2

[Event "Petrolina Cordioli Memorial op"]
[Site "Petrolina"]
[Date "2007.10.18"]
[Round "1"]
[White "Rodrigues, Nelson Alan Nogueir"]
[Black "Rocha, Andre Luiz Barbosa"]
[Result "1-0"]
[WhiteElo "1812"]
[BlackElo "1800"]
[PlyCount "23"]
[EventDate "2007.10.09"]
[EventType "swiss"]
[EventRounds "7"]
[EventCountry "BRA"]
[SourceTitle "EXT 2022"]
[Source "ChessBase"]
[SourceDate "2021.10.06"]
[SourceVersion "1"]
[SourceVersionDate "2021.10.06"]
[SourceQuality "1"]

1. e4 d5 2. exd5 Qxd5 3. Nf3 Bg4 4. Be2 Nf6 5. Nc3 Qd7 6. d4 e6 7. Bf4 Nh5 8. Qd2 Bb4 9. Ne5 Bxc3 10. bxc3 Qd5 11. Bxg4 Nxf4 12. Qxf4 1-0